Des prises maritimes d'après l'ancien et le nouveau droit (Record no. 152658)

MARC details
000 -LEADER
campo de control de longitud fija 00789nam a22001815i 4500
001 - NÚMERO DE CONTROL
campo de control 152658
003 - IDENTIFICADOR DE NÚMERO DE CONTROL
campo de control ES-MaACL
005 - FECHA Y HORA DE LA ÚLTIMA TRANSACCIÓN
campo de control 20230906204831.0
008 - DATOS DE LONGITUD FIJA--INFORMACIÓN GENERAL
campo de control de longitud fija 051019s1861 sp | |||||||| ||fre d
040 ## - FUENTE DE CATALOGACIÓN
Centro catalogador/agencia de origen CAM
Lengua de catalogación spa
Centro/agencia transcriptor CAM
100 1# - ENTRADA PRINCIPAL--NOMBRE DE PERSONA
Nombre de persona Bravard-Veyrières, P.
9 (RLIN) 31440
245 10 - MENCIÓN DEL TÍTULO
Título Des prises maritimes d'après l'ancien et le nouveau droit
Resto del título : tel qu'il résulte du Traité de Paris et de la déclaration du 16 avril 1856 /
Mención de responsabilidad, etc. par P. Bravard-Veyrières ; avec des notes par P. Royer-Collard.
260 ## - PUBLICACIÓN, DISTRIBUCIÓN, ETC.
Lugar de publicación, distribución, etc. Paris :
Nombre del editor, distribuidor, etc. Cotillon,
Fecha de publicación, distribución, etc. 1861.
300 ## - DESCRIPCIÓN FÍSICA
Extensión 31 p. ;
Dimensiones 23 cm.
597 ## - NOTA DE DESCRIPCIÓN FÍSICA
NOTA DE DESCRIPCIÓN FÍSICA En cabecera de 1ª pag. de texto consta: Capitre XV du livre second du "Manuel de Droit commercial, sixième ed.
700 1# - ENTRADA AGREGADA--NOMBRE PERSONAL
Nombre de persona Royer-Collard, Pierre-Paul.
9 (RLIN) 100216
852 ## - LOCALIZACIÓN
Ubicación ES-MaACL
Número de control de estantería 1542-F-15
Nota libre -- Rúst.
Holdings
Estatus retirado Estado de pérdida Estado de daño No para préstamo Colección Biblioteca de origen Biblioteca actual Ubicación en estantería Fecha de adquisición Fuente de adquisición Total de préstamos Signatura topográfica completa Código de barras Visto por última vez Precio de reemplazo Tipo de ítem Koha
        Colección de folletos Biblioteca del Ateneo de Madrid Biblioteca del Ateneo de Madrid Depósito folletos 17/01/2008     1542-F-15 1159423 23/02/2023 23/02/2023 Folleto